Szczegóły MARC21

Współczesna teoria badań literackich za granicą : antologia. T. 1, Metody stylistyki literackiej, kierunki ergocentryczne /

003 -Nazwa inst., której nr kontr. jest w polu 001 [,]
    • @
    • Nazwa instytucji, której n kontrolny jest w polu 001
    • NUKAT
005 -DATA I CZAS OSTATNIEJ MODYFIKACJI [,]
    • @
    • pole kontrolne
    • 20241231100636.0
040 -Instytucja sporządzająca opis [ , ]
    • a
    • Instytucja, która sporządziła opis (NP)
    • GD U/AJ
    • c
    • Instytucja, która sporządziła rekord (NP)
    • GD U/AJ
    • d
    • Instytucja, która zmodyfikowała rekord (P)
    • GD U/AJ
    • d
    • Instytucja, która zmodyfikowała rekord (P)
    • GD U/ISSs
    • d
    • Instytucja, która zmodyfikowała rekord (P)
    • WR O/KSs
041 -Język dokumentu [1, ]
    • a
    • Język tekstu (P)
    • polski
    • h
    • Język tekstu oryginalnego i/lub pośredniego (P)
    • wielojęzyczny
942 -Rodzaj dokumentu [ , ]
    • c
    • Rodzaj dokumentu
    • Książka
245 -Strefa tytułu i oznaczenia odpowiedzialności [0,0]
    • a
    • Tytuł
    • Współczesna teoria badań literackich za granicą : Find
    • b
    • Ciąg dalszy tytułu (NP)
    • antologia. Find
    • n
    • Oznaczenie części (P)
    • T. 1,
    • p
    • Nazwa części (P)
    • Metody stylistyki literackiej, kierunki ergocentryczne /
    • c
    • Pozostałe elementy strefy tytułu i oznaczenia odpowiedzialności (NP)
    • oprac. Henryk Markiewicz.
246 -Wariant tytułu [3,0]
    • a
    • Tytuł (NP)
    • Metody stylistyki literackiej, kierunki ergocentryczne
250 -Strefa wydania [ , ]
    • a
    • Oznaczenie wydania (NP)
    • Wyd. 2 przejrz. i zm.
260 -Strefa adresu wydawniczego [ , ]
    • a
    • Miejsce wydania (P)
    • Kraków :
    • b
    • Nazwa wydawcy (P)
    • Wydawnictwo Literackie,
    • c
    • Data wydania (P)
    • 1976.
300 -Strefa opisu fizycznego [ , ]
    • a
    • Określenie formy książki i/lub objętość (NP)
    • 450 s. ;
    • c
    • Format (NP)
    • 21 cm.
336 -Typ zawartości [ , ]
    • a
    • Termin opisujący typ zawartości
    • Tekst
    • b
    • Kod określający zawartość
    • txt
    • 2
    • Źródło (terminu i kodu)
    • rdacontent
337 -Typ mediów [ , ]
    • a
    • Tryb odtwarzania
    • Bez urządzenia pośredniczącego
    • b
    • Kod typu mediów
    • n
    • 2
    • Źródło (terminu i kodu)
    • rdamedia
338 -Typ/rodzaj nośnika [ , ]
    • a
    • Hasło opisujące typ nośnika
    • Wolumin
    • b
    • Kod typu nośnika
    • nc
    • 2
    • Źródło (terminu i kodu)
    • rdacarrier
490 -Strefa serii i książki wielotomowej - forma nie do wyszukiwania [1, ]
    • a
    • Tytuł (P)
    • Biblioteka Studiów Literackich Find
490 -Strefa serii i książki wielotomowej - forma nie do wyszukiwania [1, ]
    • a
    • Tytuł (P)
    • Współczesna teoria badań literackich za granicą : antologia ; Find
    • v
    • Numeracja (P)
    • t. 1
830 -Hasło dodatkowe serii i opisu książki wielotomowej - tytuł ujednolicony/tytuł [ ,0]
    • a
    • Tytuł ujednolicony/tytuł (NP)
    • Biblioteka Studiów Literackich
    • 9
    • KHW
    • 18477
830 -Hasło dodatkowe serii i opisu książki wielotomowej - tytuł ujednolicony/tytuł [ ,0]
    • a
    • Tytuł ujednolicony/tytuł (NP)
    • Współczesna teoria badań literackich za granicą
    • v
    • Oznaczenie tomu (NP)
    • t. 1
    • 9
    • KHW
    • 509406
500 -Uwaga ogólna [ , ]
    • a
    • Uwaga ogólna (NP)
    • Tekst tł. z różnych jęz.
650 -Hasło przedmiotowe [ ,7]
    • a
    • Hasło przedmiotowe
    • Teoria literatury.
    • 2
    • Źródło terminu
    • kaba
    • 9
    • KHW
    • 117059
650 -Hasło przedmiotowe [ ,7]
    • a
    • Hasło przedmiotowe
    • Stylistyka
    • x
    • Określnik rzeczowy
    • metodologia.
    • 2
    • Źródło terminu
    • kaba
    • 9
    • KHW
    • 491077
700 -Hasło dodatkowe - nazwa osobowa [1, ]
    • a
    • Nazwa osobowa (NP)
    • Markiewicz, Henryk Find
    • d
    • Daty biograficzne (NP)
    • (1922-2013).
    • e
    • Określenie rodzaju współpracy
    • Oprac.
    • 9
    • KHW
    • 69172
710 -Hasło dodatkowe - nazwa ciała zbiorowego [2, ]
    • a
    • Nazwa ciała zbiorowego lub nazwa geograficzna jako pierwszy element (NP)
    • Wydawnictwo Literackie.
    • 4
    • Kod relacji
    • pbl
    • 9
    • KHW
    • 53605
Lokalizacja Data inwentaryzacji Sygnatura Status udost. Numer inwentarzowy
BG1998-05-22W.59684-5W.59684
BG1998-05-22W.59684-5W.59685
BG1998-05-22W.59684-5W.59686
BG1998-05-22W.59684-5W.59687
BG1998-05-22W.59684-5W.59688
BG W.596842W.59689
BG1998-05-22W.59684-6W.59690
BG1998-05-22W.59684-5W.59691
BG1998-05-22W.59684-5W.59692
BG1998-05-22W.59684-5W.59693
BG1998-05-22W.59684-5W.59694
BG1998-05-22W.59684-5W.59695
BG1998-05-22Z.255791Z.25579
BG1998-05-22W.59684-5W.60204
BG1998-05-22W.59684-5W.60205
BG1998-05-22W.59684-5W.60206
BG1998-05-22Z.255791Z.34651
BM2019-06-03 1Q.1643
BM1998-05-22POL. Teoria literatury 061P.9392
BM1998-05-22 -3P.2557
BM1998-05-22 -3P.1934
BM1998-05-22 -3P.474
BM1998-05-22 1R.399